| 000 | 02819nam0a2200397 4500 | ||
|---|---|---|---|
| 001 | RU\NLR\BIBL_A\012058860 | ||
| 005 | 20201123133105.0 | ||
| 010 |
_a978-5-91951-533-3 _91000 |
||
| 021 |
_aRU _bКН-П-19-045663 _9КН-П-19-3336 |
||
| 035 | _a(NLR Aleph) 012058860 | ||
| 035 | _a(RuMoRGB)010017978 | ||
| 090 |
_a11692507 _c11692507 |
||
| 100 | _a20190716d2019 k y0rusy50 ca | ||
| 101 | 0 | _arus | |
| 102 | _aRU | ||
| 105 | _aac||z|||100zy | ||
| 200 | 1 |
_aПереяславская Рада: ее историческое значение и перспективы возрождения союзного государства _eсборник статей Всероссийской с международным участием научно-практической конференции 18 января 2019 г., [Ростов-на-Дону] _fПолитическая партия "Коммунистическая партия Российской Федерации" _gсоставители: Кислицына И. И. [и др.] |
|
| 210 |
_aРостов-на-Дону _cАльтаир _d2019 |
||
| 215 |
_a369, [1] с., [8] л. цв. ил., портр. _cпортр. _d20 |
||
| 320 | _aБиблиогр. в конце ст. и в подстроч. примеч. | ||
| 601 | 0 | 2 |
_aПереяславская рада _f1654 _jСъезды, совещания и т.п _92406589 _3RU\NLR\AUTH\661434192 |
| 606 | 1 |
_aПолитическая интеграция _jСъезды, совещания и т.п _yПостсоветские страны _92245733 _3RU\NLR\AUTH\6601578335 |
|
| 607 |
_aРоссия _jСъезды, совещания и т.п _xВзаимоотношения _yУкраина _92216785 _3RU\NLR\AUTH\661331354 |
||
| 607 |
_aУкраина _jСъезды, совещания и т.п _xВзаимоотношения _yРоссия _92216787 _3RU\NLR\AUTH\661331355 |
||
| 686 | 1 | _aТ3(2)461-051я431 | |
| 686 | 1 | _aТ3(2)0-64(2Ук)я431 | |
| 686 | 1 | _aТ3(2Ук)0-64(2)я431 | |
| 686 | 1 | _aФ4(2)я431 | |
| 702 | 1 |
_aКислицына _bИ. И. _4220 |
|
| 711 | 1 | 2 |
_a"Переяславская Рада: ее историческое значение и перспективы возрождения союзного государства", всероссийская с международным участием научно-практическая конференция _eРостов-на-Дону _f2019 _9671688 _3RU\NLR\AUTH\880505888 |
| 712 | 0 | 2 |
_4570 _aКоммунистическая партия Российской Федерации _9501324 _3RU\NLR\AUTH\8810002060 |
| 942 | _cBOOK | ||
| 980 | _aNBR | ||
| 980 | _aNB | ||